Nursing diagnosis handbook : (Record no. 4073)

MARC details
000 -LEADER
fixed length control field 00647nam a22001937a 4500
003 - CONTROL NUMBER IDENTIFIER
control field OSt
005 - DATE AND TIME OF LATEST TRANSACTION
control field 20250819061107.0
008 - FIXED-LENGTH DATA ELEMENTS--GENERAL INFORMATION
fixed length control field 250819b |||||||| |||| 00| 0 eng d
020 ## - INTERNATIONAL STANDARD BOOK NUMBER
International Standard Book Number 0-323-02561-X.
040 ## - CATALOGING SOURCE
Transcribing agency OC
082 ## - DEWEY DECIMAL CLASSIFICATION NUMBER
Classification number Circ. 610.73 N937 2004
245 ## - TITLE STATEMENT
Title Nursing diagnosis handbook :
Remainder of title a guide to planning care
260 ## - PUBLICATION, DISTRIBUTION, ETC.
Place of publication, distribution, etc. St. Louis :
Name of publisher, distributor, etc. Mosby,
Date of publication, distribution, etc. c2004.
300 ## - PHYSICAL DESCRIPTION
Extent xvii, 1099 pages :
Other physical details illustration ;
Dimensions 23 cm.
650 ## - SUBJECT ADDED ENTRY--TOPICAL TERM
Source of heading or term Nursing diagnosis-Handbooks, manual, etc.
700 ## - ADDED ENTRY--PERSONAL NAME
Personal name Betty Ackley
700 ## - ADDED ENTRY--PERSONAL NAME
Personal name Gail Ladwig
942 ## - ADDED ENTRY ELEMENTS (KOHA)
Source of classification or shelving scheme Dewey Decimal Classification
Koha item type Book Circulation
Edition 6th edition
Classification part Circ. 610.73 N937 2004
Call number prefix Circ.
Suppress in OPAC No
952 ## - LOCATION AND ITEM INFORMATION (KOHA)
--
Holdings
Withdrawn status Lost status Source of classification or shelving scheme Damaged status Not for loan Home library Current library Date acquired Source of acquisition Cost, normal purchase price Total Checkouts Full call number Barcode Date last seen Copy number Price effective from Koha item type Uniform Resource Identifier
    Dewey Decimal Classification     HM & Nursing Library HM & Nursing Library 09/06/2004 School Fund 4500.00   Circ. 610.73 N937 2004 CL41057 08/19/2025 c1 08/19/2025 BK-CIRC